El muelle de la niebla y otras historias de miedo /
Guardado en:
| Autor Principal: | |
|---|---|
| Otros Autores: | |
| Formato: | Libro |
| Idioma: | Undetermined |
| Publicado: |
Buenos Aires :
Estrada,
2009.
|
| Edición: | 1a ed. |
| Series: | Azulejos. Niños ;
46 |
| Etiquetas: |
Agregar Etiqueta
Sin Etiquetas, Sea el primero en etiquetar este registro!
|
| LEADER | 00899nam a22001815a 4500 | ||
|---|---|---|---|
| 001 | CEM.cems021139 | ||
| 008 | 240503s2009####ag############000#0#und#d | ||
| 005 | 20240503175430.0 | ||
| 245 | 1 | 0 | |a El muelle de la niebla y otras historias de miedo / |c Franco Vaccarini ; ilustrado por Leonardo Arias. |
| 250 | |a 1a ed. | ||
| 260 | |a Buenos Aires : |b Estrada, |c 2009. | ||
| 300 | |a 80 p. | ||
| 490 | 1 | |a Azulejos. Niños ; |v 46 | |
| 500 | |a Incluye actividades de comprensión y escritura. | ||
| 505 | 0 | |a Historias que dan miedo -- Los cuentos fantásticos -- El autor -- El muelle de la niebla -- El monstruo del molino -- La azafata del vuelo 1313 -- Un animal en el zoo -- Ana Diva: nace una estrella -- El kiosco de la medianoche -- Jorge vio las zapatillas rojas -- Actividades | |
| 100 | 1 | |a Vaccarini, Franco. | |
| 700 | 1 | |a Arias, Leonardo; il. | |
| 859 | |a CEMS |b BIB. CEMS - Inicial y Primaria |h A868.4 |i V132 |k IP |p 1699 |t Ej.1 | ||
